Open Data Biblioteca Nacional de Portugal


República Portuguesa: Ministério da Cultura
Biblioteca Nacional de Portugal

Catálogo da BNP: acesso por Identificadores Unívocos
Registos Bibliográficos associados ao registo de autoridade

Etiqueta de registo: 00254nam 2200025 450
001 2283290
003 http://id.bnportugal.gov.pt/bib/catbnp/2283290
100 ## $a20260331d2026 k y0pory01030103ba
101 0# $aeng$dpor
102 ## $aPT
105 ## $aa m 000yy
106 ## $ar
200 1# $aUnfolding the temporal structure of narratives$fHugo Sousa$gorient. Alípio Jorge, Ricardo Campos
210 #9 $aPorto$c[s.n.],$d2026
215 ## $aXIII, 195, [4] p.$cil.$d30 cm
328 #1 $aTese dout. Computer Science, Faculdade de Ciências da Universidade do Porto, 2026
700 #1 $910$aSousa,$bHugo$31994333
702 #1 $aJorge,$bAlípio$4727$3905292
702 #1 $92$aCampos,$bRicardo$4727$31994334
801 #0 $aPT$bBN$gRPC
966 ## $lBN$mFGMON$x1
971 ## $cabrito$d20260331

OpendataBNP@bnportugal.pt | Mais informação sobre acesso aos dados BNP